Izolácia lipidov z rias diplomová práca

Saved in:
Bibliographic Details
Main Author: Kuliček, Jaroslav
Format: Book
Language:Slovak
Published: Bratislava STU FCHPT 2013
Online Access:View in OPAC
Tags: Add Tag
No Tags, Be the first to tag this record!

MARC

LEADER 00000nam a2200000 a 4500
005 20260127134223.0
008 130813 2013 000 0 slo d
035 |a vtls010534754 
039 9 |y 201308131357  |z mschk03 
040 |a STUSCHK1  |b slo  |c STUSCHK1  |e AACR2 
100 1 |a Kuliček, Jaroslav 
245 1 |a Izolácia lipidov z rias  |b diplomová práca  |c Jaroslav Kuliček 
260 |a Bratislava  |b STU FCHPT  |c 2013 
300 |a 79 s.  |b il., tab.  |c 30 cm 
500 |a Obhájené: 10.06.2013 
500 |a Štud. odbor: Chémia, chemické technológie 
500 |a Škol. prac.: Odd. fyzikálnej chémie 
500 |a Evid. číslo: FCHPT-5459-58193 
910 |a SCHK95 
999 |c 7050  |d 7050